S35-1 駅名クイズ - 1986年の京福電気鉄道 ver. - Statistics

General Stats
  • This quiz has been taken 4 times
  • The average score is 77 of 91
Answer Stats
Answer % Correct
四条大宮
100%
西院
100%
山ノ内
100%
蚕ノ社
100%
帷子ノ辻
100%
車折
100%
嵐山
100%
北野白梅町
100%
等持院
100%
御室
100%
帷子ノ辻
100%
出町柳
100%
元田中
100%
茶山
100%
一乗寺
100%
修学院
100%
宝ケ池
100%
三宅八幡
100%
宝ケ池
100%
八幡前
100%
木野
100%
二軒茶屋
100%
市原
100%
二ノ瀬
100%
貴船口
100%
鞍馬
100%
福井
100%
新福井
100%
福井口
100%
越前開発
100%
越前新保
100%
越前島橋
100%
志比堺
100%
下志比
100%
100%
山王
100%
比島
100%
勝山
100%
福井
100%
新福井
100%
福井口
100%
鷲塚針原
100%
西春江
100%
西長田
100%
下兵庫
100%
芦原湯町
100%
三国神社
100%
三国
100%
三国港
100%
永平寺
100%
太秦
75%
鹿王院
75%
嵯峨駅前
75%
妙心寺
75%
鳴滝
75%
常盤
75%
岩倉
75%
追分口
75%
東藤島
75%
松岡
75%
越前野中
75%
越前竹原
75%
保田
75%
発坂
75%
西別院
75%
田原町
75%
西福井
75%
新田塚
75%
中角
75%
太郎丸
75%
大関
75%
本荘
75%
番田
75%
水居
75%
三条口
50%
有栖川
50%
竜安寺道
50%
高雄口
50%
ケーブル八瀬遊園
50%
ケーブル比叡
50%
ロープ比叡
50%
比叡山頂
50%
八瀬遊園
50%
観音町
50%
東古市
50%
光明寺
50%
小舟渡
50%
東古市
50%
諏訪間
50%
京善
50%
市野々
50%
No matching quizzes found
Score Distribution
Percent of People with Each Score
Percentile by Number Answered
Your Score History
You have not taken this quiz